00987nam a2200265 a 450000100060000000300080000600500170001400800410003103500190007204000500009104100080014108200250014924500540017426000600022830000250028850500370031365000510035065000170040165000220041870000310044077600590047178700680053078700600059878700630065821746BD-RjUL20251207150735.0140305d1945 enkqr p 0 0eng c a(BD-RjUL)21811 aMnMULSbengcMnMULSdNdOCoLCdNdMHdBD-RjUL aeng00a808.8bPEN 194521804aThe Penguin new writing /cedited by John Lehmann aHarmondsworth, Eng. :bAllen Lane Penguin Books,c1945. aV. :bill. ;c18 cm. aVol. 23.--v. 24.--v.1 to v.40 0aLiterature, Moderny20th centuryvPeriodicals.17aEngels.2gtt17aLetterkunde.2gtt1 aLehmann, John,d1907-1987.08iOnline version:tPenguin new writingw(OCoLC)5675595061 tNew writing (London, England)w(DLC)sf 84007004w(OCoLC)59782931 tFolios of new writingw(DLC) 37011079w(OCoLC)62676391 tNew writing and daylightw(DLC) 43004354w(OCoLC)1760009